00750nam a2200193 a 450000100100000000500170001000800410002704000250006808200150009310000410010824000320014924501130018126000370029430000270033170000330035870000350039195201130042699900170053900003648820200930075747.0120118s1971 mx a 000 d spa d aDO-SdBNPbspacBNPHU axxxbA545d1 aAnderson, Robert,d1917-2009.96272010aThe days betweenlEspañol10aLos días vacíos /cRobert Woodruff Anderson; traducido por Alfonso Esparza ; prólogo de Harold Díez. aMéxico :bPax-México,c1971. a77 p. :bil. ;c17 cm.1 aEsparza, Alfonsoetr.9627211 aDíez, Haroldepról.962722 001050718MOaGRbGRcCTd2012-01-18iLF1l0oxxx A545dp36489-10r2020-06-25w2020-06-25y1ZNo se presta c35979d35979